000 00868nam a2200229 a 4500
001 BRCA_5036
005 20190320204919.0
008 750919s1929----gw-a######---#000-0#ger-#
041 _ager
044 _agw
050 4 _aTR1
_b.D48 1929
245 1 0 _aDas deutsche Lichtbild jahresschau 1928/29
_bunseren deutschen und auslandischen Mitarbeitern in Dankbarkeit gewidmet.
260 _aBerlín
_bRobert & Bruno Schultz
_c1929
300 _a1 v. (en varias paginaciones)
_bil., 92 láminas
_c28 cm.
_einformación en inglés [37] p. y folleto de jueces nacionales y extranjeros [7] p.
500 _aIncluye índice de fotografías que requieren explicaciones especiales
500 _aDD20
546 _aTexto en alemán e inglés
650 1 4 _aFotografía
_vAnuarios
_912863
650 1 4 _aFotografía artística
_vAnuarios
_912864
902 _aGFM
942 _2lcc
_cB
999 _c4730
_d4730